| 000 | 00697nam a22001817a 4500 | ||
|---|---|---|---|
| 003 | UA-OsUOA | ||
| 001 | 19105 | ||
| 007 | ta | ||
| 008 | 20040718b un ||||| |||| 00| 0 ukr d | ||
| 100 | _aУкраїнець Д. | ||
| 942 | _cSA | ||
| 040 |
_aUA-OsUOA _cUA-OsUOA _dUA-OsUOA |
||
| 245 |
_aФорми господарювання різні, ціль - одна _b[Інтерв'ю з головою асоціації фермерів і приватних землевласників Рівненщини Д Українцем] |
||
| 300 | _aС.4 | ||
| 955 | _a0 | ||
| 773 | 0 |
_w0 _tВільне слово _dРівне _d2004 _g№51/14 лип./ |
|
| 650 | 7 |
_aКраєзнавча робота _2UDC |
|
| 999 |
_c305276 _d305276 |
||